| 000 | 00661cab a2200229 4500 | ||
|---|---|---|---|
| 001 | ABS40478 | ||
| 008 | 090401t1989 xxu||||| |||| 00| 0 eng d | ||
| 035 | _a(Sirsi) u24173 | ||
| 041 | _aeng | ||
| 100 | _aBeaton, D. | ||
| 245 | _aSet-aside speeds switch to an organic regime | ||
| 260 | _c1989 | ||
| 350 | _a0 | ||
| 490 |
_aFarmers' Weekly _v110(10) 10 March 1989, 58(1) |
||
| 520 | _aReports on how set-aside is helping one Devon farmer speed up conversion to organic production. | ||
| 650 | _aALTERNATIVE ENTERPRISES | ||
| 650 | _aDIVERSIFICATION | ||
| 650 | _aORGANIC FARMING | ||
| 690 | _aRURAL PRACTICE | ||
| 942 | _n0 | ||
| 948 | _c04/03/1997 | ||
| 999 |
_c16195 _d16195 |
||